000 00532nam a2200217Ia 4500
003 GCL
008 140319s9999 xx 000 0 eng d
040 _aGCL /
_cGCL
082 0 4 _a741
_bR A
100 1 _aRAHN, CHARLES
245 1 0 _aART DECO: INTERIORS IN COLOR /
_cRAHN, CHARLES
260 _a[S.N] :
_bDOVER PUBLICATIONS ،
_c1977
300 _a46 P
650 0 4 _aDRAWING
650 0 4 _aINTERIOR DECORATION
650 0 4 _aARTS
650 0 4 _aDECORATION
650 0 4 _aCOLOURING
650 0 4 _aDESIGN, ART
942 _2ddc
_cBK
999 _c21114
_d21114